Anagrammes - Vocabulaire - Série 04 - Statistiques

Statistiques générales
  • Ce quiz a été pris 101 fois
  • Le résultat moyen est 6 sur 10
Statistiques - réponses
Indice Anagramme Mot % Correct
artiste REPEINT peintre
96%
graines MISES semis
86%
milieu SIEN sein
85%
fin REMET terme
77%
corps TESTE têtes
75%
équiper GERER gréer
68%
instrument TARIS sitar
66%
toxicité EVICTION nocivité
41%
bus ROTISSE sirotes
18%
as VOITURES virtuose
17%
Aucun quiz correspondant
Distribution des résultats
% des personnes avec chaque résultat
Percentile par nombre de réponses
Votre historique - résultats
Vous n’avez pas pris ce quiz